Delirium agitado manejo forense, cln̕ico y policial /

Bibliographic Details
Main Author: Martn̕ Cazorla, Fernando
Format: eBook
Language:Spanish
Published: Barcelona: J.M. Bosch Editor, 2021
Subjects:
Online Access:Acceso restringido

MARC

LEADER 00000nam a22000007a 4500
005 20220519233435.0
007 cr|||| ||||
008 220519s2021 es |||||s|||| 00||0 spa d
020 |a 978-84-123305-9-5 
035 |a 35769 
040 |a vLex 
090 |c 13379  |d 13379 
100 1 |a Martn̕ Cazorla, Fernando 
245 1 0 |a Delirium agitado  |h [Recurso electrn̤ico] :  |b manejo forense, cln̕ico y policial /  |c Fernando Martn̕ Cazorla 
256 |a Servicio en ln̕ea 
260 |a Barcelona:  |b J.M. Bosch Editor,  |c 2021 
300 |a 1 recurso electrn̤ico 
500 |a En muchas ocasiones la muerte de un sujeto con agitacin̤ es atribuida a una mala actuacin̤ policial durante el proceso de detencin̤. Sin embargo, detrs̀ de estos casos puede esconderse el denominado sn̕drome de delirium agitado. Este reciente cuadro se encuentra en progresivo aumento por la escalada en el consumo de drogas y suele observarse en sujetos jv̤enes que provocan altercados por el comportamiento extraǫ que induce. Esta situacin̤ genera conflictos con agentes policiales y en la mayora̕ de las ocasiones acaba con la vida del paciente, lo que despierta una alarma social dirigiendo el foco de atencin̤ y poniendo bajo sospecha a los agentes policiales y profesionales sanitarios intervinientes en el caso. Un proceso judicial largo y tedioso les espera. El libro titulado Delirium agitado: manejo forense, cln̕ico y policial, realiza un abordaje multidisciplinar de este sn̕drome.El autor da a conocer de una forma integral esta patologa̕ para mayor conocimiento de los diferentes profesionales que pueden entrar en contacto con el delirium agitado: mďicos cln̕icos, mďicos forenses, juristas, criminl̤ogos, fuerzas y cuerpos de seguridad. El libro proporciona pautas de actuacin̤ y resolucin̤ de casos concretos, tan poco conocidos en la prc̀tica habitual. En el libro se describe la historia del delirium agitado, sus explicaciones tradicionales, las teora̕s de su gňesis, drogas y enfermedades mentales que se esconden tras ľ, el tratamiento y los hallazgos patolg̤icos ante los que se enfrenta el forense y debe saber interpretar. Aborda de manera sencilla, la forma de actuacin̤ para lograr reducir este tipo de pacientes y el procedimiento a seguir ante estas situaciones inesperadas. Una rp̀ida y correcta intervencin̤ policial, con aviso a los servicios de emergencia, puede ser la diferencia entre una deficiente actuacin̤ o salvar una vida. En muchas situaciones, los signos de alarma del delirium agitado son malinterpretados y puede conllevar a indeseables consecuencias. Consideramos que esta obra trasciende al mundo de la medicina en general y de la patologa̕ forense en particular. Criminl̤ogos, polica̕s y juristas pueden verse beneficiados de su estudio para conseguir entender mejor qu ̌ocurre en pacientes con comportamientos extraǫs y no responden a las r̤denes de la polica̕. Puede parecer inexplicable pero una causa hay detrs̀ de estos casos y el mďico forense debe saber diagnosticar y explicar a la sociedad 
506 1 |a Disponible solo en los productos indicados  |d vLex Global  |d vLex Global (Academic Edition, excluding Law Schools)  |d vLex Global (U.S. Academic Edition, Law Schools)  |d vLex Global (U.S. Academic Edition, excluding Law Schools)  |d vLex Global (Academic Edition, Law Schools) 
650 0 4 |a Derecho Penal  |z Espaą 
650 0 4 |a Derecho Pb︢lico y Administrativo  |z Espaą 
650 0 4 |a Derecho Comunitario  |z Espaą 
650 0 4 |a Derecho Procesal  |z Espaą 
650 0 4 |a Procedimiento Penal  |z Espaą 
740 0 |a vLex Libros (Servicio en ln̕ea) 
856 4 0 |u https://app.vlex.com/#/sources/35769  |z Acceso restringido 
942 |c BOOK 
999 0 |a Criminal Law 
999 0 |a Public and Administrative Law 
999 0 |a Community Law 
999 0 |a Procedural Law 
999 0 |a Criminal Procedure